Новые возможности вихретокового метода: исследование модификации свойств наводороженных металлов под действием ионизирующего излучения; Вестник науки Сибири; № 3 (4)

Opis bibliograficzny
Parent link:Вестник науки Сибири: электронный научный журнал/ Томский политехнический университет (ТПУ).— , 2011-.— 2226-0064
№ 3 (4).— 2012.— [С. 49-54]
1. autor: Лидер А. М. Андрей Маркович
Kolejni autorzy: Ларионов В. В. Виталий Васильевич, Гаранин Г. В. Георгий Викторович
Streszczenie:Заглавие с титульного листа
Поверхность легких сплавов на основе титана, циркония под действием ионизирующего облучения приобретает ряд свойств, относящихся к процессам их наводороживания. Показано, что в этом случае образуется пленка, препятствующая проникновению водорода в основной объем металла, возрастает микротвердость. При этом основной объем сплава сохраняет прежнюю структуру. Вместе с тем наводороживание ведет к возникновению микродефектов поверхностного слоя. Их свойства могут быть исследованы вихревыми токами на частотах от 10 КГц до 10 МГц. Активная и реактивная составляющие сопротивления вихревым токам позволяют получать дополняющую информацию о структуре поверхностной пленки.
Język:rosyjski
Wydane: 2012
Seria:Физика. Математика
Hasła przedmiotowe:
Dostęp online:http://earchive.tpu.ru/handle/11683/16056
Format: Elektroniczne Rozdział
KOHA link:https://koha.lib.tpu.ru/cgi-bin/koha/opac-detail.pl?biblionumber=479628

MARC

LEADER 00000naa2a2200000 4500
001 479628
005 20250712062931.0
035 |a (RuTPU)RU\TPU\prd\146531 
035 |a RU\TPU\prd\146526 
090 |a 479628 
100 |a 20120712d2012 k y0rusy50 ca 
101 0 |a rus 
102 |a RU 
135 |a drnn ---uucaa 
181 0 |a i  
182 0 |a b 
200 1 |a Новые возможности вихретокового метода: исследование модификации свойств наводороженных металлов под действием ионизирующего излучения  |f А. М. Лидер, В. В. Ларионов, Г. В. Гаранин 
203 |a Текст  |c электронный 
215 |a 1 файл (553 Кб) 
225 1 |a Физика. Математика 
300 |a Заглавие с титульного листа 
320 |a [Библиогр.: с. 53-54 (11 назв.)] 
330 |a Поверхность легких сплавов на основе титана, циркония под действием ионизирующего облучения приобретает ряд свойств, относящихся к процессам их наводороживания. Показано, что в этом случае образуется пленка, препятствующая проникновению водорода в основной объем металла, возрастает микротвердость. При этом основной объем сплава сохраняет прежнюю структуру. Вместе с тем наводороживание ведет к возникновению микродефектов поверхностного слоя. Их свойства могут быть исследованы вихревыми токами на частотах от 10 КГц до 10 МГц. Активная и реактивная составляющие сопротивления вихревым токам позволяют получать дополняющую информацию о структуре поверхностной пленки. 
337 |a Adobe Reader 
461 1 |0 (RuTPU)RU\TPU\prd\143680  |x 2226-0064  |t Вестник науки Сибири  |o электронный научный журнал  |f Томский политехнический университет (ТПУ)  |d 2011- 
463 1 |0 (RuTPU)RU\TPU\prd\146314  |t № 3 (4)  |v [С. 49-54]  |d 2012 
610 1 |a физика 
610 1 |a вихревые токи 
610 1 |a титан 
610 1 |a цирконий 
610 1 |a поверхности 
610 1 |a модификация 
610 1 |a ионизирующие излучения 
610 1 |a металлы 
610 1 |a наводороживание 
610 1 |a труды учёных ТПУ 
610 1 |a электронный ресурс 
675 |a 621.386.12  |v 3 
675 |a 539.16.04  |v 3 
700 1 |a Лидер  |b А. М.  |c физик  |c профессор Томского политехнического университета, доктор технических наук  |f 1976-2025  |g Андрей Маркович  |y Томск  |3 (RuTPU)RU\TPU\pers\25616  |9 11545 
701 1 |a Ларионов  |b В. В.  |c физик  |c профессор Томского политехнического университета, доктор педагогических наук  |f 1945-  |g Виталий Васильевич  |3 (RuTPU)RU\TPU\pers\25193  |4 070  |9 11273 
701 1 |a Гаранин  |b Г. В.  |c физик  |c заведующий лабораторией Томского политехнического университета  |f 1976-  |g Георгий Викторович  |3 (RuTPU)RU\TPU\pers\27833  |4 070  |9 12868 
801 1 |a RU  |b 63413507  |c 20090623  |g PSBO 
801 2 |a RU  |b 63413507  |c 20180115  |g PSBO 
856 4 |u http://earchive.tpu.ru/handle/11683/16056 
942 |c BK